Road to Katmandu / (Record no. 591509)

000 -LEADER
fixed length control field 01478cam a22003617a 4500
001 - CONTROL NUMBER
control field 14343246
005 - DATE AND TIME OF LATEST TRANSACTION
control field 20221005161058.0
008 - FIXED-LENGTH DATA ELEMENTS--GENERAL INFORMATION
fixed length control field 060417r20051971enkab e 000 0deng
010 ## - LIBRARY OF CONGRESS CONTROL NUMBER
LC control number 2006367359
015 ## - NATIONAL BIBLIOGRAPHY NUMBER
National bibliography number GBA533990
Source bnb
016 7# - NATIONAL BIBLIOGRAPHIC AGENCY CONTROL NUMBER
Record control number 013180601
Source Uk
020 ## - INTERNATIONAL STANDARD BOOK NUMBER
International Standard Book Number 184511017X (pbk.)
024 3# - OTHER STANDARD IDENTIFIER
Standard number or code 9781845110178 (pbk.)
035 ## - SYSTEM CONTROL NUMBER
System control number (OCoLC)ocm59356076
040 ## - CATALOGING SOURCE
Original cataloging agency UKM
Transcribing agency UKM
Modifying agency BAKER
-- BWKUK
-- VP@
-- DLC
042 ## - AUTHENTICATION CODE
Authentication code lccopycat
050 00 - LIBRARY OF CONGRESS CALL NUMBER
Classification number HQ799.5
Item number .M36 2005
082 04 - DEWEY DECIMAL CLASSIFICATION NUMBER
Classification number 915.04426
Author Mark MAR
100 1# - MAIN ENTRY--PERSONAL NAME
Personal name Marnham, Patrick.
9 (RLIN) 99168
245 10 - TITLE STATEMENT
Title Road to Katmandu /
Statement of responsibility, etc. Patrick Marnham.
260 ## - PUBLICATION, DISTRIBUTION, ETC.
Place of publication, distribution, etc. London ;
-- New York :
Name of publisher, distributor, etc. Tauris Parke Paperbacks ;
Place of publication, distribution, etc. New York :
Name of publisher, distributor, etc. Distributed in the U.S. by Palgrave Macmillan,
Date of publication, distribution, etc. 2005.
300 ## - PHYSICAL DESCRIPTION
Extent 160 p. :
Other physical details ill., maps ;
Dimensions 20 cm.
500 ## - GENERAL NOTE
General note Originally published: London : Macmillan, 1971.
600 10 - SUBJECT ADDED ENTRY--PERSONAL NAME
Personal name Marnham, Patrick
General subdivision Travel
Geographic subdivision Asia.
9 (RLIN) 99169
650 #0 - SUBJECT ADDED ENTRY--TOPICAL TERM
Topical term or geographic name entry element Hippies
Form subdivision Biography.
9 (RLIN) 99170
651 #0 - SUBJECT ADDED ENTRY--GEOGRAPHIC NAME
Geographic name Asia
General subdivision Description and travel.
9 (RLIN) 11233
856 42 - ELECTRONIC LOCATION AND ACCESS
Materials specified Contributor biographical information
Uniform Resource Identifier <a href="http://www.loc.gov/catdir/enhancements/fy0643/2006367359-b.html">http://www.loc.gov/catdir/enhancements/fy0643/2006367359-b.html</a>
856 42 - ELECTRONIC LOCATION AND ACCESS
Materials specified Publisher description
Uniform Resource Identifier <a href="http://www.loc.gov/catdir/enhancements/fy0643/2006367359-d.html">http://www.loc.gov/catdir/enhancements/fy0643/2006367359-d.html</a>
856 41 - ELECTRONIC LOCATION AND ACCESS
Materials specified Table of contents only
Uniform Resource Identifier <a href="http://www.loc.gov/catdir/enhancements/fy0665/2006367359-t.html">http://www.loc.gov/catdir/enhancements/fy0665/2006367359-t.html</a>
906 ## - LOCAL DATA ELEMENT F, LDF (RLIN)
a 7
b cbc
c copycat
d 3
e ncip
f 20
g y-gencatlg
942 ## - ADDED ENTRY ELEMENTS (KOHA)
Source of classification or shelving scheme
Koha item type Book
Holdings
Withdrawn status Lost status Source of classification or shelving scheme Damaged status Not for loan Permanent Location Current Location Shelving location Date acquired Source of acquisition Total Checkouts Full call number Barcode Date last seen Price effective from Koha item type
          Central Library (CL) Central Library (CL) Chinese Studies 10/05/2022 Donated by China Embassy   915.04426 MAR CL-D-1987 10/05/2022 10/05/2022 Book
© 2023 Central Library, National University of Sciences and Technology. All Rights Reserved.